000 01088cam a2200313 i 4500
001 20090
003 CO-MdFUSB
005 20180622170551.0
008 161011t19802000xxu||||| |||| 00| 0 eng d
020 _a1-57062-590-5
040 _aCO-MdFUSB
_bEspañol
_cCO-MdFUSB
_dCO-MdFUSB
_erda
041 _aeng
082 _224
_aG 294.3927
_bS9681a
100 1 _aSuzuki, Daisetz Teitaro
_eautor
245 0 4 _aThe awakening of zen
_c/ Daisetz Teitaro Suzuki ;
_bautor
264 1 _aBoston, Massachusetts :
_bShambhala,
_c℗2000
264 4 _c©1980
300 _axv, 119 páginas
_c23 cm.
336 _2rdacontent
_a1
_ba1
337 _2rdamedia
_a2
_b5
338 _2rdacarrier
_a2
_b5
504 _aIncluye índice (páginas. 115-119)
505 0 0 _aEl desarrollo y el fundador del budismo zen - El espíritu del zen - Aspectos de la cultura y el arte japonés - Simbolismo budista - Explicar zen - El ideal espiritual supremo
540 _aRústico
653 _aOtras religiones – Budismo
720 _aeditado por Christmas Humphreys
942 _cBK
999 _c46443
_d46443